The Complete Reference LINUX (Record no. 16917)
[ view plain ]
| 000 -LEADER | |
|---|---|
| fixed length control field | 00405nam a2200169Ia 4500 |
| 003 - CONTROL NUMBER IDENTIFIER | |
| control field | OSt |
| 005 - DATE AND TIME OF LATEST TRANSACTION | |
| control field | 20240702163618.0 |
| 008 - FIXED-LENGTH DATA ELEMENTS--GENERAL INFORMATION | |
| fixed length control field | 170619s9999 xx 000 0 und d |
| 020 ## - INTERNATIONAL STANDARD BOOK NUMBER | |
| International Standard Book Number | 978-0071492478 |
| 040 ## - CATALOGING SOURCE | |
| Transcribing agency | IIMT ENGINEERING COLLEGE |
| 100 ## - MAIN ENTRY--PERSONAL NAME | |
| Personal name | Petersen Richard L |
| 245 #4 - TITLE STATEMENT | |
| Title | The Complete Reference LINUX |
| 260 ## - PUBLICATION, DISTRIBUTION, ETC. | |
| Name of publisher, distributor, etc. | New Delhi: TMH |
| 260 ## - PUBLICATION, DISTRIBUTION, ETC. | |
| Date of publication, distribution, etc. | 2003 |
| 546 ## - LANGUAGE NOTE | |
| Language note | ENGLISH |
| 942 ## - ADDED ENTRY ELEMENTS (KOHA) | |
| Source of classification or shelving scheme | |
| Koha item type | Book Bank |
| Withdrawn status | Lost status | Source of classification or shelving scheme | Damaged status | Not for loan | Home library | Current library | Date acquired | Source of acquisition | Total Checkouts | Barcode | Date last seen | Date last checked out | Uniform Resource Identifier | Price effective from | Koha item type | Public note |
|---|---|---|---|---|---|---|---|---|---|---|---|---|---|---|---|---|
| IIMT Engineering College-BTech | IIMT Engineering College-BTech | 08/04/2004 | 22 | 1 | 06-B-6571 | 04/13/2021 | 04/13/2021 | CS | 07/03/2017 | Book Bank | ||||||
| IIMT Engineering College-BTech | IIMT Engineering College-BTech | 08/04/2004 | 22 | 06-B-6572 | 07/03/2017 | CS | 07/03/2017 | Book Bank | ||||||||
| IIMT Engineering College-BTech | IIMT Engineering College-BTech | 08/04/2004 | 22 | 06-B-6573 | 07/03/2017 | CS | 07/03/2017 | Book Bank | ||||||||
| IIMT Engineering College-BTech | IIMT Engineering College-BTech | 08/04/2004 | 22 | 06-B-6574 | 07/03/2017 | CS | 07/03/2017 | Book Bank | ||||||||
| IIMT Engineering College-BTech | IIMT Engineering College-BTech | 08/04/2004 | 22 | 06-B-6575 | 07/03/2017 | CS | 07/03/2017 | Book Bank | cm po | |||||||
| IIMT Engineering College-BTech | IIMT Engineering College-BTech | 01/22/2005 | 1 | 06-B-11911 | 07/03/2017 | CS | 07/03/2017 | Book Bank | ||||||||
| IIMT Engineering College-BTech | IIMT Engineering College-BTech | 01/22/2005 | 1 | 06-B-11912 | 07/03/2017 | CS | 07/03/2017 | Book Bank | ||||||||
| IIMT Engineering College-BTech | IIMT Engineering College-BTech | 01/27/2005 | 1 | 06-B-12233 | 07/03/2017 | CS | 07/03/2017 | Book Bank | ||||||||
| IIMT Engineering College-BTech | IIMT Engineering College-BTech | 01/27/2005 | 1 | 06-B-12234 | 07/03/2017 | CS | 07/03/2017 | Book Bank | ||||||||
| IIMT Engineering College-BTech | IIMT Engineering College-BTech | 01/27/2005 | 1 | 06-B-12235 | 07/03/2017 | CS | 07/03/2017 | Book Bank | ||||||||
| IIMT Engineering College-BTech | IIMT Engineering College-BTech | 01/27/2005 | 1 | 06-B-12236 | 07/03/2017 | CS | 07/03/2017 | Book Bank |

